Batchwise dyeing of woven cellulosic fabrics : (Record no. 145414)

MARC details
000 -LEADER
fixed length control field 00829nam a2200265 a 4500
008 - FIXED-LENGTH DATA ELEMENTS--GENERAL INFORMATION
fixed length control field
020 ## - INTERNATIONAL STANDARD BOOK NUMBER
International Standard Book Number 0901956554 (pbk.)
049 ## - LOCAL HOLDINGS (OCLC)
Holding library MAIN
090 ## - LOCALLY ASSIGNED LC-TYPE CALL NUMBER (OCLC); LOCAL CALL NUMBER (RLIN)
Classification number (OCLC) (R) ; Classification number, CALL (RLIN) (NR) TP908
003 - CONTROL NUMBER IDENTIFIER
control field
005 - DATE AND TIME OF LATEST TRANSACTION
control field 20230123133243.0
040 ## - CATALOGING SOURCE
Transcribing agency NUST
100 1# - MAIN ENTRY--PERSONAL NAME
Personal name Madaras, G.W.
245 10 - TITLE STATEMENT
Title Batchwise dyeing of woven cellulosic fabrics :
Remainder of title a practical guide /
Statement of responsibility, etc. G.W. Madaras, G.J. Parish and J. Shore.
260 ## - PUBLICATION, DISTRIBUTION, ETC.
Place of publication, distribution, etc. Bradford :
Name of publisher, distributor, etc. Society of Dyers and Colourists,
Date of publication, distribution, etc. 1993.
300 ## - PHYSICAL DESCRIPTION
Extent 146 p. :
Other physical details ill. ;
Dimensions 21 cm.
500 ## - GENERAL NOTE
General note Includes index.
504 ## - BIBLIOGRAPHY, ETC. NOTE
Bibliography, etc. note Includes bibliographical references.
653 0# - INDEX TERM--UNCONTROLLED
Uncontrolled term Fabrics
-- Colouring agents
700 1# - ADDED ENTRY--PERSONAL NAME
Personal name Parish, G.J.
700 1# - ADDED ENTRY--PERSONAL NAME
Personal name Shore, J.
710 2# - ADDED ENTRY--CORPORATE NAME
Corporate name or jurisdiction name as entry element Society of Dyers and Colourists.
907 ## - LOCAL DATA ELEMENT G, LDG (RLIN)
a .b10068508
b 28-05-13
c 17-04-03
942 ## - ADDED ENTRY ELEMENTS (KOHA)
Koha item type Ordinary Loan Books
Call number prefix TP908
Holdings
Date last seen Total Checkouts Full call number Barcode Cost, replacement price Price effective from Koha item type Lost status Source of classification or shelving scheme Damaged status Not for loan Collection Withdrawn status Home library Current library Shelving location Date acquired Cost, normal purchase price
01/23/2023 10 TP908 MAD 92003019829 80.00 01/23/2023 BOOKS   LCC     NFIC   MAIN MAIN GEN 01/23/2023 80.00